000 01443cam a22003011ia4500
003 SA-RiAUC
005 20251004154949.0
008 251001s2006 ua g b f000f0 ara c
040 _aSA-MaUQU
_bara
_cSA-RiAUC
_erda
082 0 4 _a011
_qSA-RiAUC
090 _a011
_bا ب ن ن
100 1 _aابن النديم، محمد بن إسحاق بن محمد،
_dتوفي 438 هجري
_eمؤلف.
245 1 2 _aالفهرست /
_cلابن النديم ؛ تحقيق محمد عوني عبد الرؤوف، إيمان السعيد جلال.
264 1 _aالقاهرة :
_bالهيئة العامة لقصور الثقافة،
_c2006.
300 _a2 مجلد ؛
_c24 سم.
336 _aنص
_btxt
_2rdacontent
_3كتاب
337 _aبدون وسيط
_bn
_2rdamedia
338 _aمجلد
_bnc
_2rdacarrier
490 1 _aسلسلة ذخائر العرب
650 7 _aالببليوجرافيات العامة
_2aucsh
650 7 _aالكتب العربية
_vببليوجرافيات
_2aucsh
700 1 _aعبد الرؤوف، محمد عوني،
_d1929-
_eمحقق.
700 1 _aجلال، إيمان السعيد
_eمحقق.
700 1 2 _iتحقيق لـ (عمل) :
_aابن النديم، محمد بن إسحاق بن محمد،
_dتوفي 438 هجري.
_tالفهرست
830 0 _aذخائر العرب (الهيئة العامة لقصور الثقافة)
942 _2ddc
_cBOOK
_n0
949 _aSA-JeALM
_d251001
_umohamedma123
_n1
999 _c12353
_d12353